| 000 | 00534nam a2200181Ia 4500 | ||
|---|---|---|---|
| 005 | 20250326141926.0 | ||
| 008 | 250326s9999 xx 000 0 und d | ||
| 037 | _aTextbook | ||
| 040 |
_aFMSL _beng _cFMSL |
||
| 041 |
_aeng _2eng |
||
| 084 |
_aX:89ZB(Y35).4431 M5 _qFMSL |
||
| 100 |
_aVerma H S _9264218 |
||
| 245 | 0 |
_aBombay new Bombay and metropolitan region _cVerma H S |
|
| 260 |
_aNew Delhi _bNew Delhi, Concept _c1985 |
||
| 300 | _a183p | ||
| 942 |
_cTB _hX:89ZB(Y35).4431 M5 |
||
| 999 |
_c1292636 _d1292636 |
||